[Event "Kreuzberg Open 2008"]
[Site "Berlin-Kreuzberg"]
[Date "2008.07.20"]
[Round "2.7"]
[White "Niehaus, Frank"]
[Black "Mühlhan, Klaus"]
[Result "1-0"]
[WhiteElo "2185"]
[BlackElo "2006"]
[PlyCount "93"]
[EventDate "2008.??.??"]
[WhiteTeam "Sfrd. Berlin 1903 e.V."]
[BlackTeam "SC Empor Potsdam 1952 e.V."]

1. e4 e5 2. Nf3 Nc6 3. Bb5 Nf6 4. d3 d6 5. c3 Be7 6. Nbd2 O-O 7. Nf1 d5 8. Qe2
dxe4 9. dxe4 a6 10. Ba4 b5 11. Bc2 b4 12. Ng3 a5 13. Bd3 Nd7 14. O-O Nc5 15.
Bb5 Na7 16. Bc4 Bd6 17. Rd1 Qe8 18. Be3 Bb7 19. Bxc5 Bxc5 20. Bd5 c6 21. Bb3
Nb5 22. Qc4 Bb6 23. cxb4 Nd4 24. bxa5 Rxa5 25. Qc3 Ba6 26. Nxd4 exd4 27. Rxd4
Bxd4 28. Qxa5 Bb7 29. Qb4 Qd7 30. Rd1 c5 31. Qc4 Qg4 32. Rxd4 cxd4 33. Qxd4 g6
34. Qb4 Qc8 35. Bc4 Rd8 36. h3 Qc7 37. b3 h5 38. a4 h4 39. Nf1 Kg7 40. Qc3+ f6
41. Qe3 Qe5 42. f3 Qa5 43. Bb5 Rd1 44. Qc5 Qd8 45. Bc4 Rc1 46. Qa7 Qc7 47. a5
1-0

[Event "Kreuzberg Open 2008"]
[Site "Berlin-Kreuzberg"]
[Date "2008.07.20"]
[Round "2.8"]
[White "Sebastian, Martin"]
[Black "Albrecht, Rainer"]
[Result "0-1"]
[WhiteElo "2003"]
[BlackElo "2184"]
[PlyCount "54"]
[EventDate "2008.??.??"]
[WhiteTeam "TSG Rot-Weiß Fredersdorf/Vogelsd"]
[BlackTeam "SC Kreuzberg e.V."]

1. d4 e6 2. Nf3 f5 3. g3 Nf6 4. Bg2 Be7 5. O-O O-O 6. c4 d6 7. Nc3 Ne4 8. Qc2
Nxc3 9. bxc3 Nc6 10. e4 e5 11. exf5 Bxf5 12. Qe2 exd4 13. Nxd4 Nxd4 14. cxd4 c6
15. Be3 Bf6 16. Qd2 Qd7 17. a4 Rfe8 18. Ra3 Qf7 19. Rc1 a6 20. Bf4 Rad8 21. Rb3
h6 22. h4 Rd7 23. f3 b5 24. axb5 axb5 25. d5 bxc4 26. dxc6 cxb3 27. cxd7 Qxd7
0-1

[Event "Kreuzberg Open 2008"]
[Site "Berlin-Kreuzberg"]
[Date "2008.07.20"]
[Round "2.9"]
[White "Bukowski, Henryk"]
[Black "Wörz, Markus"]
[Result "1-0"]
[WhiteElo "2175"]
[BlackElo "1985"]
[PlyCount "93"]
[EventDate "2008.??.??"]
[WhiteTeam "BSC Rehberge 1945 e.V."]
[BlackTeam "SC Kreuzberg e.V."]

1. d4 Nf6 2. Nf3 e6 3. c4 Bb4+ 4. Bd2 Qe7 5. e3 Nc6 6. a3 Bxd2+ 7. Nbxd2 d6 8.
Be2 e5 9. d5 Nb8 10. O-O O-O 11. Qc2 b6 12. Rfe1 Bb7 13. Rac1 Nbd7 14. Nf1 c6
15. dxc6 Bxc6 16. Ng3 g6 17. e4 Nc5 18. Bf1 Qb7 19. Bd3 Ba4 20. Qe2 Ne6 21. Qd2
Qe7 22. b4 Bd7 23. Bb1 Rfd8 24. Ne2 Rac8 25. Nc3 Nf4 26. Nd5 N6xd5 27. exd5 Qf6
28. Be4 Bf5 29. g3 Bxe4 30. Rxe4 Nxd5 31. Ng5 Ne7 32. Rh4 h5 33. Ne4 Qf5 34.
Qh6 d5 35. Rxh5 gxh5 36. Nf6+ Qxf6 37. Qxf6 Ng6 38. c5 d4 39. c6 d3 40. b5 d2
41. Rd1 Rd5 42. a4 e4 43. Kf1 Re8 44. Ke2 Re6 45. Qc3 Rd3 46. Qc2 Ne5 47. c7
1-0

[Event "Kreuzberg Open 2008"]
[Site "Berlin-Kreuzberg"]
[Date "2008.07.20"]
[Round "2.10"]
[White "Richter, Götz"]
[Black "Welz, Peter"]
[Result "0-1"]
[WhiteElo "1997"]
[BlackElo "2169"]
[PlyCount "40"]
[EventDate "2008.??.??"]
[WhiteTeam "Klub Kölner Schachfreunde e.V. 1"]
[BlackTeam "SV Empor Berlin e.V."]

1. e4 e6 2. d4 d5 3. Nc3 Bb4 4. e5 c5 5. Bd2 Bxc3 6. Bxc3 c4 7. Qg4 g6 8. Bd2
Nc6 9. c3 Qb6 10. Rb1 Qa5 11. a4 Qxa4 12. b3 cxb3 13. Bd3 Nxe5 14. Qg3 Nxd3+
15. Qxd3 Bd7 16. Nf3 Bb5 17. Qe3 Ne7 18. Qe5 Rg8 19. Bg5 Nc6 20. Qd6 Qc4 0-1

[Event "Kreuzberg Open 2008"]
[Site "Berlin-Kreuzberg"]
[Date "2008.07.19"]
[Round "1.1"]
[White "Rabiega, Robert"]
[Black "Fuchs, Jörg"]
[Result "1-0"]
[WhiteElo "2552"]
[BlackElo "1914"]
[PlyCount "59"]
[EventDate "2008.??.??"]
[WhiteTeam "SK König Tegel 1949 e.V."]
[BlackTeam "SC Kreuzberg e.V."]

1. e4 e5 2. Nf3 d6 3. Bc4 Be7 4. O-O Nf6 5. d3 O-O 6. c3 c6 7. Bb3 Bg4 8. h3
Bh5 9. Re1 Re8 10. Nbd2 Nbd7 11. Nf1 h6 12. Ng3 Bg6 13. Nh4 Bh7 14. Nhf5 Bxf5
15. Nxf5 Bf8 16. Qf3 d5 17. exd5 e4 18. Qg3 Nh5 19. Nxh6+ Kh7 20. Qg4 Ndf6 21.
Nxf7 Nxg4 22. Nxd8 Nxf2 23. Ne6 Nxd3 24. Rxe4 Bd6 25. dxc6 bxc6 26. Ng5+ Kh6
27. Nf7+ Kh7 28. Nxd6 Rxe4 29. Nxe4 Re8 30. Bc2 {aufgegeben.} 1-0

[Event "Kreuzberg Open 2008"]
[Site "Berlin-Kreuzberg"]
[Date "2008.07.19"]
[Round "1.2"]
[White "Mayer, Herbert"]
[Black "Kalinitschew, Sergey"]
[Result "0-1"]
[WhiteElo "1910"]
[BlackElo "2456"]
[PlyCount "58"]
[EventDate "2008.??.??"]
[WhiteTeam "SC Rochade e.V."]
[BlackTeam "SC Kreuzberg e.V."]

1. f4 c5 2. b3 Nf6 3. Nf3 g6 4. Bb2 Bg7 5. e3 O-O 6. Be2 d6 7. O-O Nc6 8. Qe1
e5 9. fxe5 Ng4 10. h3 Ngxe5 11. Nxe5 Nxe5 12. Nc3 d5 13. Bf3 d4 14. exd4 cxd4
15. Na4 Nxf3+ 16. Rxf3 b6 17. d3 Bb7 18. Rf2 Rc8 19. Ba3 Re8 20. Qd2 Qh4 21.
Bc1 Bh6 22. Qd1 Re3 23. Qf1 Bxg2 24. Qxg2 Rg3 25. Bxh6 Rxg2+ 26. Kxg2 Qxh6 27.
Re1 b5 28. Nb2 Rc5 29. Re8+ Kg7 0-1

[Event "Kreuzberg Open 2008"]
[Site "Berlin-Kreuzberg"]
[Date "2008.07.19"]
[Round "1.3"]
[White "Berger, Steve"]
[Black "Cierpinski, Günter"]
[Result "1-0"]
[WhiteElo "2408"]
[BlackElo "1904"]
[PlyCount "31"]
[EventDate "2008.??.??"]
[WhiteTeam "SC Kreuzberg e.V."]
[BlackTeam "SC Kreuzberg e.V."]

1. e4 e5 2. Nf3 Nc6 3. Bb5 a6 4. Bxc6 dxc6 5. O-O Bg4 6. h3 Bh5 7. g4 Bg6 8.
Nxe5 Nf6 9. d3 Bd6 10. Nc4 h5 11. e5 hxg4 12. Nxd6+ cxd6 13. exf6 gxh3 14. fxg7
Rg8 15. Qg4 Qf6 16. Re1+ 1-0

[Event "Kreuzberg Open 2008"]
[Site "Berlin-Kreuzberg"]
[Date "2008.07.19"]
[Round "1.4"]
[White "Giese, Ulrich"]
[Black "Schmidt-Schäffer, Sebastian"]
[Result "1/2-1/2"]
[WhiteElo "1902"]
[BlackElo "2391"]
[PlyCount "89"]
[EventDate "2008.??.??"]
[WhiteTeam "SC Kreuzberg e.V."]
[BlackTeam "SC Kreuzberg e.V."]

1. d4 f5 2. Bg5 h6 3. Bh4 g5 4. Bg3 Nf6 5. e3 Bg7 6. Be5 e6 7. Bxf6 Qxf6 8.
Qh5+ Ke7 9. Ne2 d5 10. f4 Bd7 11. Qf3 c5 12. c3 g4 13. Qf2 c4 14. h4 Nc6 15. g3
b5 16. Bg2 Rhb8 17. O-O a5 18. Nd2 Ke8 19. a3 Bf8 20. Rfb1 b4 21. axb4 axb4 22.
Qe1 Qd8 23. Rxa8 Rxa8 24. Ra1 Ra5 25. Nf1 Qa8 26. Rb1 Ra2 27. Nc1 Ra1 28. Ne2
Rxb1 29. Qxb1 Qa4 30. Nd2 Na5 31. Bf1 Nb3 32. Nxb3 Qxb3 33. Qc1 Ba4 34. cxb4
Bxb4 35. Nc3 Bxc3 36. Qxc3 Qb5 37. Qa3 Qc6 38. Kg2 Bc2 39. Qb4 Kd7 40. Qf8 Qb6
41. Qg7+ Kd6 42. Qxh6 Qxb2 43. Qf8+ Kd7 44. Qf7+ Kd6 45. Qf8+ 1/2-1/2

[Event "Kreuzberg Open 2008"]
[Site "Berlin-Kreuzberg"]
[Date "2008.07.19"]
[Round "1.5"]
[White "Kiesekamp, Marcos"]
[Black "Karunaharamoorthy, Achudhan"]
[Result "1-0"]
[WhiteElo "2316"]
[BlackElo "1869"]
[PlyCount "55"]
[EventDate "2008.??.??"]
[WhiteTeam "TuS Makkabi Berlin e.V."]
[BlackTeam "SC Kreuzberg e.V."]

1. Nf3 c5 2. c4 Nf6 3. Nc3 Nc6 4. d4 cxd4 5. Nxd4 d6 6. e4 e6 7. Be2 Be7 8. Be3
a6 9. f4 Bd7 10. O-O O-O 11. Qd2 Rc8 12. Rad1 Qc7 13. b3 Rfd8 14. Bf3 e5 15.
Nf5 Bxf5 16. exf5 Bf8 17. g4 Nd7 18. Nd5 Qb8 19. g5 Re8 20. f6 exf4 21. fxg7
Bxg7 22. Nxf4 Nde5 23. Bd5 Re7 24. Nh5 Kh8 25. Nxg7 Kxg7 26. g6 Nxg6 27. Bg5
Rce8 28. Bf6+ 1-0

[Event "Kreuzberg Open 2008"]
[Site "Berlin-Kreuzberg"]
[Date "2008.07.19"]
[Round "1.6"]
[White "Uckar, Klaudijo"]
[Black "Kohler, Thomas"]
[Result "0-1"]
[WhiteElo "1861"]
[BlackElo "2276"]
[PlyCount "68"]
[EventDate "2008.??.??"]
[WhiteTeam "SC Kreuzberg e.V."]
[BlackTeam "SC Zitadelle Spandau 1977 e.V."]

1. e4 c5 2. Nf3 d6 3. d4 cxd4 4. Nxd4 Nf6 5. Nc3 a6 6. Be2 e5 7. Nb3 Be7 8. O-O
O-O 9. Be3 Be6 10. f3 Nbd7 11. Qe1 b5 12. Rd1 Qc7 13. Bd3 Nb6 14. Ne2 Nc4 15.
Bc1 a5 16. a3 a4 17. Na1 Rfc8 18. Ng3 g6 19. c3 Nd7 20. Kh1 Nc5 21. Bb1 Bh4 22.
Qe2 Qe7 23. f4 exf4 24. Bxf4 Bg5 25. Rf2 Bxf4 26. Rxf4 Qg5 27. Rdf1 Ne5 28. Qd1
Bc4 29. Qxd6 Bxf1 30. Rxf1 Rc6 31. Qd4 Rd8 32. Qb4 Ng4 33. Ba2 Rf6 34. Qxb5 Qh4
0-1

[Event "Kreuzberg Open 2008"]
[Site "Berlin-Kreuzberg"]
[Date "2008.07.19"]
[Round "1.7"]
[White "Lüders, Gerhard"]
[Black "Hesselbarth, Karlheinz"]
[Result "1-0"]
[WhiteElo "2237"]
[BlackElo "1857"]
[PlyCount "81"]
[EventDate "2008.??.??"]
[WhiteTeam "BSC Rehberge 1945 e.V."]
[BlackTeam "SC Zugzwang 95 e.V."]

1. d4 Nf6 2. c4 e6 3. Nf3 b6 4. g3 Bb7 5. Bg2 Bb4+ 6. Bd2 a5 7. O-O O-O 8. Nc3
d5 9. Ne5 Nbd7 10. Bg5 Be7 11. Rc1 Rc8 12. Bf4 Ne4 13. cxd5 exd5 14. Nxe4 dxe4
15. Nc6 Bxc6 16. Rxc6 Nf6 17. Qc2 Bd6 18. Bg5 Re8 19. Bxe4 h6 20. Bxf6 Qxf6 21.
e3 Rcd8 22. Bg2 Re7 23. Rd1 Qe6 24. e4 Qd7 25. Bf3 f6 26. a3 Kh8 27. Kg2 Qc8
28. h3 Qb8 29. Re1 Rf8 30. Re2 Qe8 31. Qc3 Kh7 32. b4 axb4 33. axb4 g6 34. b5
h5 35. Qd3 Kg7 36. h4 Kh6 37. Kg1 Kg7 38. Bg2 g5 39. hxg5 fxg5 40. e5 g4 41.
Be4 {aufgegeben.} 1-0

[Event "Kreuzberg Open 2008"]
[Site "Berlin-Kreuzberg"]
[Date "2008.07.19"]
[Round "1.9"]
[White "Behrmann, Joachim"]
[Black "Schmalzried, Volker"]
[Result "1/2-1/2"]
[WhiteElo "2211"]
[BlackElo "1824"]
[PlyCount "41"]
[EventDate "2008.??.??"]
[WhiteTeam "SK Zehlendorf e.V."]
[BlackTeam "-Betriebsschach!--"]

1. d4 g6 2. c4 Bg7 3. Nc3 c5 4. d5 d6 5. e4 Nf6 6. Bd3 O-O 7. h3 Na6 8. Nf3 Nc7
9. O-O Bd7 10. Re1 a6 11. a4 Rb8 12. Qe2 Qe8 13. e5 dxe5 14. Nxe5 e6 15. d6 Na8
16. Bg5 Bc6 17. Bc2 Nb6 18. a5 Nc8 19. Bxf6 Bxf6 20. Rad1 Qd8 21. Ba4 1/2-1/2

[Event "Kreuzberg Open 2008"]
[Site "Berlin-Kreuzberg"]
[Date "2008.07.19"]
[Round "1.10"]
[White "Lerch, Philipp"]
[Black "Niehaus, Frank"]
[Result "0-1"]
[WhiteElo "1819"]
[BlackElo "2185"]
[PlyCount "56"]
[EventDate "2008.??.??"]
[WhiteTeam "TuS Makkabi Berlin e.V."]
[BlackTeam "Sfrd. Berlin 1903 e.V."]

1. e4 c5 2. Nf3 d6 3. d4 cxd4 4. Nxd4 Nf6 5. Nc3 g6 6. Be3 Bg7 7. f3 O-O 8. Bc4
Nc6 9. Qd2 Bd7 10. O-O-O Rc8 11. Bb3 Ne5 12. Bh6 Bxh6 13. Qxh6 Rxc3 14. bxc3
Qc7 15. h4 Qxc3 16. Ne2 Nd3+ 17. Rxd3 Qa1+ 18. Kd2 Qxh1 19. g4 Bb5 20. c4 Bc6
21. h5 Qh2 22. Qg5 Bxe4 23. hxg6 hxg6 24. Re3 Bxf3 25. Bc2 Qg2 26. Rxe7 Ne4+
27. Bxe4 Qxe2+ 28. Kc3 Bxe4 0-1

[Event "Kreuzberg Open 2008"]
[Site "Berlin-Kreuzberg"]
[Date "2008.07.19"]
[Round "1.8"]
[White "Kujawa, Werner"]
[Black "Bartolomäus, Christian"]
[Result "1/2-1/2"]
[WhiteElo "1848"]
[BlackElo "2221"]
[PlyCount "101"]
[EventDate "2008.??.??"]
[WhiteTeam "SV Motor Wildau e.V."]
[BlackTeam "Greifswalder SV"]

1. d4 Nf6 2. c4 e6 3. Nc3 d5 4. Nf3 c6 5. e3 Nbd7 6. Qc2 Bd6 7. b3 Qe7 8. Bb2
O-O 9. Bd3 Re8 10. Rc1 dxc4 11. bxc4 e5 12. dxe5 Nxe5 13. Nxe5 Bxe5 14. O-O
Bxh2+ 15. Kxh2 Ng4+ 16. Kg3 Qg5 17. Bxh7+ Kh8 18. f4 Qh5 19. Be4 Qc5 20. Rce1
f5 21. Bf3 Nf6 22. Nd1 Ne4+ 23. Bxe4 Rxe4 24. Rh1+ Kg8 25. Qc3 Qe7 26. Nf2 Re6
27. Kf3 c5 28. Rh5 b5 29. Reh1 Bb7+ 30. Ke2 Rg6 31. Rh8+ Kf7 32. Rxa8 Bxa8 33.
Rh7 Kg8 34. Rxg7+ Rxg7 35. Qxg7+ Qxg7 36. Bxg7 Kxg7 37. cxb5 Bxg2 38. Kd3 Bf1+
39. Kc3 Bxb5 40. a3 Kf6 41. e4 Ke6 42. exf5+ Kxf5 43. Nd3 c4 44. Ne5 Kxf4 45.
Nxc4 Bxc4 46. Kxc4 Ke5 47. Kc5 Ke6 48. Kc6 Ke7 49. Kc7 a5 50. a4 Ke8 51. Kb6
1/2-1/2